Las polt̕icas monetarias del BCE ante la crisis econm̤ica

Detalles Bibliográficos
Autor principal: Calvo Vergez, Juan
Formato: eBook
Lenguaje:español
Publicado: Madrid: Dykinson, 2019
Materias:
Acceso en línea:Acceso restringido

MARC

LEADER 00000nam a22000007a 4500
005 20190830222422.0
007 cr|||| ||||
008 190830s2019 es |||||s|||| 00||0 spa d
020 |a 978-84-1324-237-8 
035 |a 24232 
040 |a vLex 
090 |c 9337  |d 9337 
100 1 |a Calvo Vergez, Juan 
245 1 3 |a Las polt̕icas monetarias del BCE ante la crisis econm̤ica  |h [Recurso electrn̤ico] /  |c Juan Calvo Vergez 
256 |a Servicio en ln̕ea 
260 |a Madrid:  |b Dykinson,  |c 2019 
300 |a 1 recurso electrn̤ico 
500 |a Como es sabido el BCE inici ̤sus compras de deuda corporativa europea en el mes de junio de 2016. No obstante ya con carc̀ter previo incorpor ̤la expansin̤ de su balance como un instrumento adicional de polt̕ica monetaria mediante el desarrollo de las subastas TLTRO y TLTRO II, operaciones de financiacin̤ a largo plazo que permitieron a las entidades financiarse en unas condiciones muy favorables vinculadas no obstante a la evolucin̤ de las carteras de crďito concedido al sector privado no financiero. Junto a ello el BCE acometi ̤a principios del mes de enero de 2015 su Programa de compra de activos a gran escala (Asset Purchase Programme) basado en adquisiciones de bonos pb︢licos y privados por un valor total de 60.000 millones de euros mensuales hasta septiembre de 2016. El BCE ha justificado la adopcin̤ de este conjunto de medidas de polt̕ica monetaria argumentando que, en caso de no haber sido adoptadas, se habra̕ alcanzado una situacin̤ de deflacin̤ que incrementara̕ el valor real de la deuda. La adopcin̤ de este conjunto de medidas ha tenido el objetivo de facilitar las condiciones de financiacin̤, estimular la nueva disposicin̤ de crďito y reforzar el impulso de la recuperacin̤ econm̤ica de la Eurozona. La presente obra analiza este conjunto de medidas de polt̕ica monetaria y reflexiona acerca de su incidencia en el crecimiento de la Eurozona y su contribucin̤ al abaratamiento de los costes de financiacin̤ de las empresas de la Zona Euro, estudiando adems̀ las distintas alternativas planteadas para acometer el fin de los estm̕ulos y reducir el tamaǫ del balance del BCE. El fin l︢timo habra̕ de ser iniciar una normalizacin̤ que permita ir ajustando al alza los tipos de interš conforme la recuperacin̤ econm̤ica se consolide. El autor es Profesor Titular (acreditado para Catedrt̀ico) de Derecho Financiero y Tributario. 
506 1 |a Disponible solo en los productos indicados  |d vLex Global  |d vLex Global (Academic Edition, excluding Law Schools)  |d vLex Global (U.S. Academic Edition, Law Schools)  |d vLex Global (U.S. Academic Edition, excluding Law Schools)  |d vLex Global (Academic Edition, Law Schools) 
650 0 4 |a Derecho Tributario  |z Espaą 
650 0 4 |a Financiero  |z Espaą 
740 0 |a vLex Libros (Servicio en ln̕ea) 
856 4 0 |u http://vlex.com/source/politicas-monetarias-del-bce-ante-la-crisis-economica-24232  |z Acceso restringido 
942 |c BOOK 
999 0 |a Tax Law 
999 0 |a Financial